01249nam a2200277 a 450000100100000000500170001000800410002702000150006804000250008308200160010810000240012424500730014826000720022130000170029349000200031050000440033050400730037470000270044783000270047404900090050195201080051095201140061895201080073295201140084099900170095400002260120200930021708.0101014s2007 dr 000 0 fre d a9993580414 aDO-SdBNPbfrecBNPHU axxxxbL579p1 aLeón, Rulx94651310aSimples Propos d´histoire /cRulx León ; prefacio Stenio Vincent. aSanto Domingo :bFundación Global Democracia y Desarrollo,c2007. av. ;c21 cm.1 aDu Bicentenaire aLa biblioteca posee el tomo I y tomo II aIncluye referencias bibliográficas y notas al pie de las páginas1 aVincent, Stenio946514 0aDu Bicentenaire946515 aBNPD 0010718PDaPDbPDcCTd2010-10-14iLF1l0ov. 1p22601-10r2020-06-25w2020-06-25yLFPDZNo se presta 0010718PDaPDbPDcCTd2010-10-14iLF1l0ov. 1, e. 2p22601-20r2020-06-25w2020-06-25yLFPDZNo se presta 0010718PDaPDbPDcCTd2010-10-14iLF1l0ov. 2p22601-30r2020-06-25w2020-06-25yLFPDZNo se presta 0010718PDaPDbPDcCTd2010-10-14iLF1l0ov. 2, e. 2p22601-40r2020-06-25w2020-06-25yLFPDZNo se presta c22098d22098